[Event "Barcelona Sant Marti op-B 23rd"]
[Site "Barcelona"]
[Date "2023.07.16"]
[Round "4"]
[White "Porta Chicote, David"]
[Black "Recacha Delgado, Rafael"]
[Result "1-0"]
[WhiteElo "1496"]
[BlackElo "1100"]
[PlyCount "77"]
[EventDate "2023.07.13"]
[EventType "swiss"]
[EventRounds "9"]
[EventCountry "ESP"]
[SourceTitle "CBM 215 Extra"]
[Source "ChessBase"]
[SourceDate "2023.09.30"]
[SourceVersion "1"]
[SourceVersionDate "2023.09.30"]
[SourceQuality "1"]

1. e4 e6 2. c3 d5 3. exd5 exd5 4. d4 c5 5. dxc5 Bxc5 6. Nf3 Nf6 7. Bb5+ Bd7 8. Bxd7+ Nbxd7 9. 0-0 0-0 10. Bg5 Qb6 11. b4 Be7 12. Be3 Qc7 13. Bd4 Ng4 14. h3 Nh6 15. Qd3 f5 16. Be3 f4 17. Qxd5+ Kh8 18. Bd4 Nf6 19. Qg5 Rg8 20. Re1 Ne4 21. Qxh6 Bf6 22. Qh5 Bxd4 23. cxd4 Nf6 24. Qf5 Raf8 25. Ng5 g6 26. Qe5 Qxe5 27. dxe5 Nd7 28. Nc3 Rf5 29. e6 Nf6 30. Nf7+ Kg7 31. Rad1 f3 32. g4 Rg5 33. Nxg5 h5 34. e7 Re8 35. Rd8 hxg4 36. hxg4 Rxe7 37. Rxe7+ Kh6 38. Nce4 Nxg4 39. Rh8# 1-0

[Event "Barcelona Sant Marti op-B 21st"]
[Site "Barcelona"]
[Date "2019.07.15"]
[Round "3"]
[White "Recacha Delgado, Rafael"]
[Black "Tortosa Moros, Joan"]
[Result "0-1"]
[WhiteElo "1080"]
[BlackElo "1653"]
[PlyCount "64"]
[EventDate "2019.07.13"]
[EventType "swiss"]
[EventRounds "9"]
[EventCountry "ESP"]
[SourceTitle "EXT 2020"]
[Source "ChessBase"]
[SourceDate "2019.10.17"]
[SourceVersion "1"]
[SourceVersionDate "2019.10.17"]
[SourceQuality "1"]

1. d4 Nf6 2. Nf3 e6 3. Bf4 d5 4. e3 c5 5. c3 Nc6 6. h3 cxd4 7. cxd4 Bb4+ 8. Nc3 Ne4 9. Qd3 Qa5 10. Nd2 Bxc3 11. bxc3 Qxc3 12. Qxc3 Nxc3 13. Nb3 Nb4 14. Kd2 Ne4+ 15. Ke2 Bd7 16. Kf3 Rc8 17. a3 Nc6 18. Bd3 f5 19. g4 g5 20. Be5 Nxe5+ 21. dxe5 fxg4+ 22. hxg4 0-0+ 23. Ke2 Rxf2+ 24. Ke1 Rcf8 25. Nc5 Nxc5 26. Bxh7+ Kg7 27. Rc1 b6 28. a4 Bxa4 29. Rc3 Ra2 30. Bb1 Ra1 31. Ke2 Bb5+ 32. Kd2 Ne4+ 0-1